000 00357nam a22001457a 4500
003 MACL
005 20191210155133.0
008 191210b xxu||||| |||| 00| 0 eng d
040 _cMACL
100 _aSharma, Snajeev Kumar
_977500
245 _aThe Great Novelists
260 _aDelhi
_bAcademic Pub
_c2017
650 _aBiography
_977501
942 _2ddc
_cBK
999 _c61548
_d61548